PUEBLOS Y COSTUMBRES DEL PERU/

Gespeichert in:
Bibliographische Detailangaben
1. Verfasser: Merino de Zela, Mildred (autor)
Format: Buch
Schriftenreihe:MUNILIBROS; 10
Schlagworte:
Tags: Tag hinzufügen
Keine Tags, Fügen Sie das erste Tag hinzu!

MARC

LEADER 00000nam^a2200000^a^4500
001 000218653
005 20250521000000.0
009 20260310103756.562
035 |a 013055 
037 |a Acervo Xavier Clavigero 
082 |a 398. 0985  |b MER 
100 |a Merino de Zela, Mildred  |e (autor) 
245 1 0 |a PUEBLOS Y COSTUMBRES DEL PERU/  |c MILDRED MERINO DE ZELA 
264 |a LIMA :  |b MUNICIPALIDAD DE LIMA METROPOLITANA SECRETARIA DE EDUCACION Y CULTURA,  |c 1986 
300 |a 172p. 
336 |a texto  |b txt  |2 rdacontenido 
337 |a sin mediación  |b n  |2 rdamedio 
338 |a volumen  |b nc  |2 rdasoporte 
440 |a MUNILIBROS;  |v 10 
649 |a XX 
650 |a Folklore -  |z Perú 
910 |a Fondo General 
920 |a Impresos - Libros 
930 |a Colección General 
905 |a 101 
901 |a 013055  |b IT1  |c ACC  |i 013055  |u 20250521 
902 |a https://opac.biblio.iteso.mx/vufind/Record/000218653